Koučování není donucování

Čo to je coaching? Musia byť kouči aj odborníkmi? Externí a interní kouči. Implementácia coachingu v podniku.

Enregistré dans:
Détails bibliographiques
Auteur principal: Beran, Jiří
Format: Chapitre de livre
Langue:tchèque
Sujets:
Tags: Ajouter un tag
Pas de tags, Soyez le premier à ajouter un tag!

MARC

LEADER 00000naa$a2200000$$$4500
001 0027678
005 20231016104525.1
041 0 |a cze 
044 |a CZ 
245 1 0 |a Koučování není donucování  |c Jiří Beran 
520 |a Čo to je coaching? Musia byť kouči aj odborníkmi? Externí a interní kouči. Implementácia coachingu v podniku. 
610 2 0 |a riadenie podnikové 
610 2 0 |a manažment 
610 2 0 |a manažéri 
610 2 0 |a komunikácia manažérska 
610 2 0 |a zdroje ľudské 
610 2 0 |a zamestnanci 
610 2 0 |a koučovanie 
100 1 |a Beran, Jiří